[Event "Isthmia op 1st"]
[Site "Vrachati"]
[Date "2011.08.19"]
[Round "2"]
[White "Papadimitriou, Athanasios"]
[Black "Asimakopoulos, Ioannis"]
[Result "1-0"]
[WhiteElo "2184"]
[BlackElo "1964"]
[PlyCount "59"]
[EventDate "2011.08.18"]
[EventType "swiss"]
[EventRounds "9"]
[EventCountry "GRE"]
[SourceTitle "CBM 144 Extra"]
[Source "ChessBase"]
[SourceDate "2011.10.28"]
[SourceVersion "1"]
[SourceVersionDate "2011.10.28"]
[SourceQuality "1"]

1. Nf3 g6 2. d4 Bg7 3. c4 d6 4. g3 Nc6 5. Bg2 e5 6. d5 Nce7 7. 0-0 Nh6 8. Nc3 0-0 9. c5 Nhf5 10. e4 Nh6 11. cxd6 cxd6 12. Qb3 f6 13. Bd2 Nf7 14. Rac1 a6 15. Be3 b5 16. Ne1 Bd7 17. Nd3 Nc8 18. Nb4 Nb6 19. Nc6 Bxc6 20. dxc6 Nc4 21. Nd5 Rc8 22. c7 Qd7 23. Rxc4 bxc4 24. Qxc4 Kh8 25. Rc1 Nh6 26. Nb6 Qe8 27. Qxa6 Ng8 28. Nxc8 Qxc8 29. Qxc8 Rxc8 30. Bh3 1-0

[Event "Nikaia op 15th"]
[Site "Nikaia"]
[Date "2007.08.30"]
[Round "9"]
[White "Asimakopoulos, Ioannis"]
[Black "Homatidis, Panagiotis"]
[Result "0-1"]
[WhiteElo "1768"]
[BlackElo "2007"]
[PlyCount "106"]
[EventDate "2007.08.23"]
[EventType "swiss"]
[EventRounds "9"]
[EventCountry "GRE"]
[SourceTitle "CBM 120 Extra"]
[Source "ChessBase"]
[SourceDate "2007.11.01"]
[SourceVersion "1"]
[SourceVersionDate "2007.11.01"]
[SourceQuality "1"]

1. e4 g6 2. d4 Bg7 3. Nf3 d6 4. c3 Nd7 5. Be3 e6 6. Bd3 Ne7 7. 0-0 0-0 8. Re1 e5 9. Bc4 Nb6 10. Bb3 Nc6 11. dxe5 dxe5 12. Qxd8 Nxd8 13. Nbd2 Be6 14. Rad1 f6 15. Kf1 Kf7 16. Ke2 Re8 17. Bxe6+ Nxe6 18. b3 Bf8 19. Nb1 Bd6 20. c4 Bb4 21. Bd2 a5 22. Nc3 Nd4+ 23. Kd3 Rad8 24. Nxd4 Rxd4+ 25. Kc2 Red8 26. Re2 Bxc3 27. Kxc3 Nd7 28. f3 Nc5 29. Rb1 b6 30. Be3 Rd3+ 31. Kc2 Ne6 32. Rbe1 h5 33. Rd2 Rxd2+ 34. Bxd2 Nd4+ 35. Kc1 c5 36. Be3 Ke6 37. Bxd4 Rxd4 38. Kc2 g5 39. Kc3 f5 40. a3 f4 41. Re2 Rd1 42. Rd2 Rc1+ 43. Rc2 Rf1 44. Kd3 g4 45. Ke2 Rh1 46. Kf2 gxf3 47. Kxf3 Rxh2 48. Rd2 Rh1 49. Rd3 Ra1 50. a4 Re1 51. Rc3 Rd1 52. Kf2 Rd4 53. Kf3 Kf6 0-1

[Event "GRE-ch U16"]
[Site "Athens"]
[Date "2006.12.28"]
[Round "5"]
[White "Kourousis, Epaminondas"]
[Black "Asimakopoulos, Ioannis"]
[Result "1-0"]
[WhiteElo "2109"]
[BlackElo "1725"]
[PlyCount "57"]
[EventDate "2006.12.22"]
[EventType "swiss"]
[EventRounds "7"]
[EventCountry "GRE"]
[SourceTitle "EXT 2024"]
[Source "ChessBase"]
[SourceDate "2023.10.10"]
[SourceVersion "1"]
[SourceVersionDate "2023.10.10"]
[SourceQuality "1"]

1. d4 Nf6 2. c4 g6 3. Nc3 Bg7 4. e4 d6 5. Nf3 0-0 6. Be2 Nbd7 7. 0-0 e5 8. Qc2 Ne8 9. Rd1 f5 10. Bg5 Bf6 11. Bh6 Ng7 12. exf5 gxf5 13. dxe5 dxe5 14. Nd5 e4 15. Nd4 Bxd4 16. Rxd4 c6 17. Nf4 Qf6 18. Bxg7 Qxg7 19. Rad1 Nf6 20. c5 Kh8 21. Bc4 Qg4 22. g3 Qg7 23. Rd8 Qe7 24. Rxf8+ Qxf8 25. Qc3 Kg7 26. Nh5+ Kg6 27. Nxf6 b5 28. Rd6 b4 29. Qe5 1-0